15 Largest Cities in Saudi Arabia🇸🇦 - Statistics

General Stats
  • This quiz has been taken 37 times
  • The average score is 6 of 15
Answer Stats
Population City % Correct
4.2 mil Riyadh
100%
2.8 mil Jeddah
91%
1.3 mil Mecca
91%
1.3 mil Medina
85%
768k Dammam
73%
455k Tabuk
30%
530k Ta'if
27%
391k Buraydah
15%
267k Ha'il
15%
425k Al Kharj
12%
387k Khamis Mushait
12%
271k Hafar Al-Batin
9%
290k Al Mubarraz
6%
946k Sultanah
6%
293k Al Hufuf
3%
No matching quizzes found
Score Distribution
Percent of People with Each Score
Percentile by Number Answered
Your Score History
You have not taken this quiz